000 00574nam a2200205Ia 4500
005 20250923144830.0
008 008 250917s9999 xx 000 0 eng d
037 _aTextual
040 _aDSWL
_beng
_cDSWL
041 _aeng
_2eng
084 _aX:97, K0
_qDSWL
100 _aYoder, Dale
_9828870
245 0 _aPersonnel principles and policies
_cby Dale Yoder
260 _aNew Delhi
_bDelhiAsia Publishing House
_c1960
300 _axv,599p.
365 _aINR
_b2.50
925 _g2.50
942 _cTEXL
_hX:97, K0
999 _c1443912
_d1443912